Apabila mama pakai abaya (Record no. 118099)

MARC details
000 -LEADER
fixed length control field 00646nam a2200241 i 4500
001 - CONTROL NUMBER
control field C2-0316998
003 - CONTROL NUMBER IDENTIFIER
control field PPAK
005 - DATE AND TIME OF LATEST TRANSACTION
control field 20180728113155.0
008 - FIXED-LENGTH DATA ELEMENTS--GENERAL INFORMATION
fixed length control field 120812s2012 my |||| ||||| | may d
020 ## - INTERNATIONAL STANDARD BOOK NUMBER
International Standard Book Number 9789674010973
040 ## - CATALOGING SOURCE
Original cataloging agency PPAK
Language of cataloging eng
Transcribing agency PPAK
Description conventions rda
082 04 - DEWEY DECIMAL CLASSIFICATION NUMBER
Classification number 899.233
Edition number 23
090 00 - LOCALLY ASSIGNED LC-TYPE CALL NUMBER (OCLC); LOCAL CALL NUMBER (RLIN)
Classification number (OCLC) (R) ; Classification number, CALL (RLIN) (NR) 899.233
Feature heading MAM
Feature heading G
100 0# - MAIN ENTRY--PERSONAL NAME
Personal name Mama Bella,
Relator term author
245 10 - TITLE STATEMENT
Title Apabila mama pakai abaya
264 #1 - PRODUCTION, PUBLICATION, DISTRIBUTION, MANUFACTURE, AND COPYRIGHT NOTICE
Place of production, publication, distribution, manufacture Batu Caves, Selangor :
Name of producer, publisher, distributor, manufacturer PTS One Sdn. Bhd. ,
Date of production, publication, distribution, manufacture, or copyright notice 2012
300 ## - PHYSICAL DESCRIPTION
Extent 394 pages ;
Dimensions 19 cm
336 ## - CONTENT TYPE
Source rdacontent
Content type term text
337 ## - MEDIA TYPE
Source rdamedia
Media type term unmediated
338 ## - CARRIER TYPE
Source rdacarrier
Carrier type term volume
650 10 - SUBJECT ADDED ENTRY--TOPICAL TERM
Topical term or geographic name entry element Malay fiction.
942 ## - ADDED ENTRY ELEMENTS (KOHA)
-- dc
Koha item type Book
Holdings
Withdrawn Not for loan Current library Shelving location Date acquired Total Checkouts Full call number Barcode Date last seen Date last checked out Koha item type Total Renewals Checked out
    Perpustakaan Alor Setar Pinjaman Dewasa 06/09/2012 5 899.233 MAM A01380457 24/06/2026 24/06/2026 Book 1 15/07/2026
    Perpustakaan Bandar Baharu Pinjaman Dewasa 06/09/2012   899.233 MAM A01380465 09/05/2018   Book    
    Perpustakaan Jitra Pinjaman Dewasa 06/09/2012   899.233 MAM A01380459 09/05/2018   Book    
    Perpustakaan Kulim Pinjaman Dewasa 06/09/2012 1 899.233 MAM A01380461 30/04/2025 09/04/2025 Book    
    Perpustakaan Merbok Pinjaman Dewasa 06/09/2012   899.233 MAM A01380468 09/05/2018   Book    
    Perpustakaan Yan Pinjaman Dewasa 06/09/2012   899.233 MAM A01380462 09/05/2018   Book    
    PD01, Kg. Bendang Raja, Kuala Nerang Pinjaman Dewasa 30/08/2016   899.233 MAM A01477730 09/05/2018   Book    
    PD02, Kg. Banggol Besi, Pendang Pinjaman Dewasa 30/08/2016   899.233 MAM A01477731 09/05/2018   Book    
    PD03, Kg. Pulau Pisang, Jitra Pinjaman Dewasa 30/08/2016   899.233 MAM A01477732 09/05/2018   Book    
    PD04, Kg. Bukit Nambua, Kuala Nerang Pinjaman Dewasa 30/08/2016   899.233 MAM A01477733 09/05/2018   Book    
    PD05, Kg. Lindungan Raja, Kulim Pinjaman Dewasa 30/08/2016   899.233 MAM A01477734 09/05/2018   Book    
    PD11, Felda Teloi Kanan, Kuala Ketil Pinjaman Dewasa 30/08/2016   899.233 MAM A01477738 09/05/2018   Book    
    PD12, Kg. Padang, Baling Pinjaman Dewasa 30/08/2016   899.233 MAM A01477739 09/05/2018   Book    
    PD13, KEDA Lahar Tunjung, Pendang Pinjaman Dewasa 30/08/2016   899.233 MAM A01477740 09/05/2018   Book    
    PD13, KEDA Lahar Tunjung, Pendang Pinjaman Dewasa 06/09/2012   899.233 MAM A01380467 09/05/2018   Book    
    PD14, Felda Sungai Tiang, Pendang Pinjaman Dewasa 30/08/2016   899.233 MAM A01477741 09/05/2018   Book    
    PD16, Kg. Jelai, Pendang Pinjaman Dewasa 30/08/2016   899.233 MAM A01477743 09/05/2018   Book    
    PD18, Kg. Wang Tepus, Jitra Pinjaman Dewasa 30/08/2016   899.233 MAM A01477745 09/05/2018   Book    
    PD23, Taman Mas Merah, Titi Gajah, Alor Setar Pinjaman Dewasa 30/08/2016   899.233 MAM A01477749 09/05/2018   Book    
    PD24, Felda Bukit Tangga, Bukit Kayu Hitam Pinjaman Dewasa 30/08/2016   899.233 MAM A01477750 09/05/2018   Book    
    PD27, Kg. Bendang Bukit, Pendang Pinjaman Dewasa 30/08/2016   899.233 MAM A01477753 09/05/2018   Book    
    PD29, Kg. Gajah Putih, Sik Pinjaman Dewasa 30/08/2016   899.233 MAM A01477755 09/05/2018   Book    
    PD30, Bandar Baru Beris Jaya, Sik Pinjaman Dewasa 30/08/2016   899.233 MAM A01477756 09/05/2018   Book    
    PD31, Kg. Gelam, Bedong Pinjaman Dewasa 30/08/2016   899.233 MAM A01477757 09/05/2018   Book    
    PD33, Kg. Belau, Merbok Pinjaman Dewasa 30/08/2016   899.233 MAM A01477759 09/05/2018   Book    
    PD34, Kg. Pantai Prai Pinjaman Dewasa 30/08/2016   899.233 MAM A01477760 09/05/2018   Book    
    PD35, Kg. Sungai Daun, Yan Pinjaman Dewasa 30/08/2016   899.233 MAM A01477761 09/05/2018   Book    
    PD37, Kg. Belat, Pendang Pinjaman Dewasa 30/08/2016   899.233 MAM A01477763 09/05/2018   Book